• 首页
  • 本馆介绍
  • 公告通知
  • 最新文献
  • 馆藏检索
  • 电子资源
  • 读者导购
  • 参考咨询
  • 我的图书馆
  • 登录
  • 详细信息显示
  • 放入我的书架
  • 预约/预借图书
  • 作者相关作品
  • 分类相关作品
  • 丛书相关作品
  • 出版社相关作品

书目信息

  • 表格格式
  • 工作单格式
  • 卡片格式
题名:
中国特色电影发展道路探索
    
 
作者: 赵实 著
分册:  
出版信息: 北京   中国社会科学出版社  2008
页数: 580页
开本: 24cm
丛书名:
单 册:
中图分类: J992
科图分类:
主题词: 电影事业--发展--研究--中国 , 电影事业
电子资源:
ISBN: 978-7-5004-7409-8
000 01021nam0 2200253 45
001 1033098406
005 20100408172202.15
010    @a978-7-5004-7409-8@dCNY60.00
100    @a20100401d2008 em y0chiy50 ea
101 0  @achi
102    @aCN@b110000
105    @ay z 000yy
106    @ar
200 1  @a中国特色电影发展道路探索@AZhong Guo Te Se Dian Ying Fa Zhan Dao Lu Tan Suo@dExploring an approach to the development of film with Chinese characteristics@f赵实著@FZhao Shi Zhu@zeng
210    @a北京@c中国社会科学出版社@d2008
215    @a580页@d24cm
330    @a本书收录关于探讨中国电影发展道路的文章,包括《中国电影发展的出路在于深化改革》、《作好“入世”准备,迎接新的挑战》、《当前电影改革发展的新机遇和新任务》等。
510 1  @aExploring an approach to the development of film with Chinese characteristics@zeng
606 0  @a电影事业@x发展@x研究@y中国
606 0  @a电影事业
690    @aJ992@v4
701  0 @a赵实@AZhao Shi@4著
801  0 @aCN@bTANGWEI@c20100408
905    @b0588402-06@dJ992@e236@f5
    
    中国特色电影发展道路探索=Exploring an approach to the development of film with Chinese characteristics/赵实著.-北京:中国社会科学出版社,2008
    580页;24cm
    
    
    ISBN 978-7-5004-7409-8:CNY60.00
    本书收录关于探讨中国电影发展道路的文章,包括《中国电影发展的出路在于深化改革》、《作好“入世”准备,迎接新的挑战》、《当前电影改革发展的新机遇和新任务》等。
●
相关链接 在E读中查询图书 在五车中查询图书 在当当中查询图书 在豆瓣中查询图书


正题名:中国特色电影发展道路探索     索取号:J992/236         预约/预借

序号 登录号 条形码 馆藏地/架位号 状态 备注
1 0588402   205884024   第一样本阅览室/ [索取号:J992/236] 在馆    
2 0588403   205884033   第一借阅区/ [索取号:J992/236] 在馆    
3 0588404   205884042   第一借阅区/ [索取号:J992/236] 在馆    
4 0588405   205884051   第一借阅区/ [索取号:J992/236] 在馆    
5 0588406   205884060   第一借阅区/ [索取号:J992/236] 在馆    
唐山师范学院图书馆 欢迎您!
大连网信软件有限公司© 版权所有